00718nam a2200193Ia 4500008004100000020001800041082001700059100004400076245009500120250000700215260004600222300002800268500001900296600003300315650001700348942000700365952013500372999001700507240925s9999 xx 000 0 und d a9780199403363 a068.5491 AYU aAyub, Mahmood Ali; Hussain, Syed Turab 0aCandles in the Dark: successful organizations in Pakistan's weak institutional environment aNA aKarachi:bOxford University Pressc,2016. aix, 192p.bNAfOriginal aIncludes Index aHumanities & Natural Science aGeneral Work cBK 001040708HUMaUITUbUITUd2019-02-02eAllied Book Companyg600.00l0o068.5491 AYUpQ14397r2024-09-25 07:17:17w2024-09-25yBK c16896d16896